[Event "Rome Accademia Winter"]
[Site "Rome"]
[Date "2010.02.13"]
[Round "3"]
[White "Pecorari, Marcello"]
[Black "Shytaj, Carlo"]
[Result "0-1"]
[WhiteElo "2054"]
[BlackElo "2237"]
[PlyCount "130"]
[EventDate "2010.02.12"]
[EventType "swiss"]
[EventRounds "5"]
[EventCountry "ITA"]
[SourceTitle "EXT 2024"]
[Source "ChessBase"]
[SourceDate "2023.10.10"]
[SourceVersion "1"]
[SourceVersionDate "2023.10.10"]
[SourceQuality "1"]

1. e4 g6 2. d4 c6 3. Nf3 d5 4. exd5 cxd5 5. c4 Nf6 6. Nc3 Bg7 7. cxd5 Nxd5 8. Qb3 Nb6 9. Bb5+ Bd7 10. Bxd7+ N8xd7 11. Be3 0-0 12. 0-0 Rc8 13. Rac1 Nf6 14. Ne5 Nfd5 15. Nxd5 Qxd5 16. Qxd5 Nxd5 17. Bd2 f6 18. Nf3 Kf7 19. a3 Rfd8 20. Rxc8 Rxc8 21. Rc1 Rd8 22. Kf1 g5 23. g4 e6 24. Ke2 Bf8 25. h4 h6 26. hxg5 hxg5 27. Ne1 Bd6 28. Nd3 Rh8 29. Nb4 Bxb4 30. axb4 Rh4 31. Rg1 Rh3 32. f3 Rh2+ 33. Kd3 Rf2 34. Rg3 a6 35. Bc3 Ke7 36. Kc4 b6 37. b5 a5 38. Kb3 Kf7 39. Be1 Re2 40. Bc3 Re3 41. Kc4 a4 42. Rg1 a3 43. Ra1 axb2 44. Ra7+ Kg6 45. Bxb2 Rxf3 46. Rd7 Rf2 47. Ba3 Rc2+ 48. Kb3 Rc3+ 49. Kb2 Rc4 50. Bf8 Rc7 51. Rd8 Rc4 52. Rd7 f5 53. gxf5+ Kxf5 54. Bg7 Rb4+ 55. Kc2 Rxb5 56. Kd3 Rb3+ 57. Kc4 Rc3+ 58. Kb5 Rc8 59. Be5 Rg8 60. Kc6 g4 61. Kd6 g3 62. Rf7+ Ke4 63. Bxg3 Rxg3 64. Kxe6 Rg6+ 65. Kd7 Kxd4 0-1

[Event "Pardubice Czech op-A"]
[Site "Pardubice"]
[Date "2009.07.26"]
[Round "3"]
[White "Shytaj, Carlo"]
[Black "Dinger, Florian"]
[Result "1-0"]
[WhiteElo "2223"]
[BlackElo "2391"]
[PlyCount "73"]
[EventDate "2009.07.24"]
[EventType "swiss"]
[EventRounds "9"]
[EventCountry "CZE"]
[SourceTitle "CBM 131 Extra"]
[Source "ChessBase"]
[SourceDate "2009.09.03"]
[SourceVersion "2"]
[SourceVersionDate "2009.09.16"]
[SourceQuality "1"]

1. e4 c5 2. Na3 Nc6 3. Bb5 Qc7 4. c3 a6 5. Ba4 b5 6. Bc2 Bb7 7. Nf3 Rc8 8. 0-0 e6 9. Qe2 d6 10. d4 e5 11. Be3 Nf6 12. d5 Nb8 13. Nd2 Nbd7 14. Nab1 Rb8 15. a4 Bc8 16. axb5 axb5 17. Na3 Qb7 18. b4 Be7 19. f4 exf4 20. Bxf4 0-0 21. Nb3 cxb4 22. cxb4 Ne5 23. Na5 Qb6+ 24. Be3 Qc7 25. h3 Bd7 26. Bd4 Rfc8 27. Bd3 Qd8 28. Bxb5 Bxb5 29. Nxb5 Nxe4 30. Qxe4 Rxb5 31. Bxe5 dxe5 32. Nc6 Qb6+ 33. Kh1 Bxb4 34. Rxf7 Rf8 35. Rxf8+ Bxf8 36. Qf5 Qc7 37. Rf1 1-0

[Event "Pardubice Czech op-A"]
[Site "Pardubice"]
[Date "2009.07.24"]
[Round "1"]
[White "Shytaj, Carlo"]
[Black "Obodchuk, Andrei"]
[Result "1/2-1/2"]
[WhiteElo "2223"]
[BlackElo "2395"]
[PlyCount "96"]
[EventDate "2009.07.24"]
[EventType "swiss"]
[EventRounds "9"]
[EventCountry "CZE"]
[SourceTitle "CBM 131 Extra"]
[Source "ChessBase"]
[SourceDate "2009.09.03"]
[SourceVersion "2"]
[SourceVersionDate "2009.09.16"]
[SourceQuality "1"]

1. e4 c5 2. b3 d6 3. Bb2 Nc6 4. Nc3 Nf6 5. Bc4 e6 6. Nf3 a6 7. d4 cxd4 8. Nxd4 Be7 9. 0-0 0-0 10. Re1 Bd7 11. a4 Rc8 12. Bf1 Qa5 13. Na2 Qh5 14. Qxh5 Nxh5 15. Nxc6 Bxc6 16. c4 Nf6 17. Nc3 Rfd8 18. Nd5 Nxd5 19. exd5 Bd7 20. g3 e5 21. f4 f6 22. a5 Re8 23. b4 Bd8 24. Bc1 g5 25. fxg5 fxg5 26. Be3 Be7 27. Rac1 g4 28. c5 Bb5 29. Bg2 Bd3 30. cxd6 Bxd6 31. Bc5 Rcd8 32. Be4 Bxe4 33. Rxe4 h5 34. h3 gxh3 35. Kh2 Kf7 36. Bxd6 Rxd6 37. Rc7+ Kf6 38. Rxb7 Red8 39. Kxh3 Rxd5 40. Rh4 Rd1 41. Rh7 Rh1+ 42. Kg2 Rxh4 43. gxh4 Kg6 44. Ra7 Rd6 45. Kf3 Kf5 46. Rf7+ Kg6 47. Ra7 Kf6 48. Rh7 Kg6 1/2-1/2

[Event "Porto Mannu op"]
[Site "Porto Mannu"]
[Date "2009.05.17"]
[Round "2"]
[White "Shytaj, Carlo"]
[Black "Forno, Roberto"]
[Result "1-0"]
[WhiteElo "2212"]
[BlackElo "1944"]
[PlyCount "139"]
[EventDate "2009.05.16"]
[EventType "swiss"]
[EventRounds "9"]
[EventCountry "ITA"]
[SourceTitle "CBM 130 Extra"]
[Source "ChessBase"]
[SourceDate "2009.07.02"]
[SourceVersion "2"]
[SourceVersionDate "2009.07.15"]
[SourceQuality "1"]

1. e4 d6 2. d4 g6 3. Nc3 Bg7 4. Be3 Nc6 5. Qd2 e5 6. Nge2 Nge7 7. d5 Nb8 8. Bh6 0-0 9. Ng3 f5 10. exf5 Nxf5 11. Bxg7 Kxg7 12. Bd3 Nh4 13. 0-0 Bh3 14. Be4 Rf4 15. Rae1 Nd7 16. gxh3 Rxe4 17. f4 Rxe1 18. Qxe1 Qe7 19. Nce4 h6 20. Qe3 Rf8 21. c4 b6 22. b4 exf4 23. Rxf4 Rxf4 24. Qxf4 Ne5 25. Ne2 Nxc4 26. Nd4 Ne5 27. Ne6+ Kg8 28. Nf6+ Kf7 29. Ng4+ Nf5 30. Nxh6+ Ke8 31. Nxf5 gxf5 32. Qxf5 a5 33. bxa5 bxa5 34. Kg2 Nc4 35. Qe4 Ne5 36. h4 c6 37. Nd4 c5 38. Nf5 Qf6 39. Ne3 Kf7 40. Qh7+ Ke8 41. Nf5 Nf7 42. Qg8+ Kd7 43. Qg4 Kc7 44. Kh3 Kb6 45. h5 c4 46. Qg6 Qc3+ 47. Ng3 Qf3 48. h6 Qf4 49. h7 Ng5+ 50. Qxg5 Qxg5 51. h8Q Qxd5 52. Qc3 Kb5 53. Kg4 Qd1+ 54. Kf4 a4 55. Qb2+ Kc6 56. Nf5 Qd3 57. Qd4 Qf1+ 58. Kg5 Qg2+ 59. Kf6 Qxh2 60. Qxc4+ Kb6 61. Qb4+ Kc7 62. Qa5+ Kb7 63. Qxa4 Qe5+ 64. Kg6 d5 65. Qb5+ Ka7 66. a4 Qe6+ 67. Kg5 Qa6 68. Qc5+ Kb8 69. Nd6 Qa7 70. Qc8# 1-0

[Event "ITA-chT2"]
[Site "Arvier"]
[Date "2008.05.04"]
[Round "5"]
[White "Voicu, Joan Paul"]
[Black "Shytaj, Carlo"]
[Result "1/2-1/2"]
[WhiteElo "2143"]
[BlackElo "2212"]
[PlyCount "24"]
[EventDate "2008.05.02"]
[EventType "team"]
[EventRounds "5"]
[EventCountry "ITA"]
[SourceTitle "CBM 124 Extra"]
[Source "ChessBase"]
[SourceDate "2008.07.03"]
[SourceVersion "1"]
[SourceVersionDate "2008.07.03"]
[SourceQuality "1"]

1. e4 e5 2. Nf3 Nc6 3. Nc3 Nf6 4. Bb5 Bb4 5. 0-0 0-0 6. d3 d6 7. Bxc6 bxc6 8. h3 h6 9. a3 Bxc3 10. bxc3 Be6 11. c4 Rb8 12. Be3 c5 1/2-1/2

[Event "Bratto op 25th"]
[Site "Bratto"]
[Date "2005.08.23"]
[Round "4"]
[White "Mosca, Leonildo"]
[Black "Shytaj, Carlo"]
[Result "0-1"]
[WhiteElo "2115"]
[BlackElo "2212"]
[PlyCount "100"]
[EventDate "2005.08.20"]
[EventType "swiss"]
[EventRounds "9"]
[EventCountry "ITA"]
[SourceTitle "CBM 108 Extra"]
[Source "ChessBase"]
[SourceDate "2005.11.04"]
[SourceVersion "1"]
[SourceVersionDate "2005.11.04"]
[SourceQuality "1"]

1. e4 d6 2. d4 Nf6 3. Nc3 g6 4. f4 Bg7 5. Nf3 0-0 6. Bd3 c5 7. dxc5 dxc5 8. 0-0 Nc6 9. e5 Ng4 10. h3 Nh6 11. Be3 b6 12. Be4 Bb7 13. Qxd8 Rfxd8 14. Rfd1 Nf5 15. Bf2 f6 16. Nd5 fxe5 17. fxe5 Nxe5 18. Nxe7+ Nxe7 19. Bxb7 Rab8 20. Rxd8+ Rxd8 21. Nxe5 Bxe5 22. Re1 Rd7 23. Rxe5 Rxb7 24. c3 Kf7 25. Kf1 Nc6 26. Re4 Re7 27. Rxe7+ Kxe7 28. Ke2 Ke6 29. Bg3 Kd5 30. Ke3 Nd8 31. Bb8 Nc6 32. Bg3 Ne7 33. Bf4 Nf5+ 34. Kf3 Ng7 35. g4 Ne6 36. h4 b5 37. Bd2 c4 38. Be3 a6 39. a3 a5 40. Ba7 a4 41. Bb6 h5 42. Ba7 hxg4+ 43. Kxg4 Ke4 44. Bb8 Kd3 45. Kf3 Kc2 46. Ke4 Kxb2 47. Kd5 Ng7 48. Kc5 Nf5 49. Kxb5 Kb3 50. Bf4 Nxh4 0-1

[Event "Bratto op 25th"]
[Site "Bratto"]
[Date "2005.08.21"]
[Round "2"]
[White "Jones, Gawain C B"]
[Black "Shytaj, Carlo"]
[Result "1-0"]
[WhiteElo "2442"]
[BlackElo "2212"]
[PlyCount "59"]
[EventDate "2005.08.20"]
[EventType "swiss"]
[EventRounds "9"]
[EventCountry "ITA"]
[SourceTitle "CBM 108 Extra"]
[Source "ChessBase"]
[SourceDate "2005.11.04"]
[SourceVersion "1"]
[SourceVersionDate "2005.11.04"]
[SourceQuality "1"]

1. e4 d6 2. d4 Nf6 3. Nc3 g6 4. Be3 c6 5. Nf3 Qa5 6. Bd3 Nbd7 7. 0-0 Bg7 8. Qd2 Ng4 9. Bg5 h6 10. Bxe7 Qc7 11. Bh4 Nf8 12. h3 Nf6 13. e5 dxe5 14. dxe5 N6d7 15. Ne4 Ne6 16. Nd6+ Kf8 17. Bg3 Kg8 18. Rfe1 Ndf8 19. Rad1 Bd7 20. Ne4 Qb6 21. Bc4 Be8 22. Nf6+ Bxf6 23. exf6 Rd8 24. Qxd8 Nxd8 25. Rxe8 Nde6 26. Bxe6 fxe6 27. Rd7 Rh7 28. Rxf8+ Kxf8 29. Bd6+ Kg8 30. Rxh7 1-0

[Event "Bari op"]
[Site "Bari"]
[Date "2005.01.29"]
[Round "4"]
[White "Pizzuto, Samuele Tullio"]
[Black "Shytaj, Carlo"]
[Result "1/2-1/2"]
[WhiteElo "2186"]
[BlackElo "2195"]
[PlyCount "62"]
[EventDate "2005.01.22"]
[EventType "swiss"]
[EventRounds "6"]
[EventCountry "ITA"]
[SourceTitle "EXT 2007"]
[Source "ChessBase"]
[SourceDate "2006.11.23"]
[SourceVersion "1"]
[SourceVersionDate "2006.11.23"]
[SourceQuality "1"]

1. d4 Nf6 2. Nc3 d6 3. Bg5 c6 4. Bxf6 gxf6 5. e4 Qb6 6. Rb1 f5 7. Nge2 Bg7 8. Qd3 fxe4 9. Nxe4 Qa5+ 10. N2c3 Bf5 11. Qe3 Qb4 12. Qg5 Bg6 13. Bd3 Qxd4 14. 0-0 f6 15. Qg3 Nd7 16. Ne2 Qb6 17. Nf4 Ne5 18. Ne6 Bf8 19. Rfe1 Bf7 20. Qh3 Rg8 21. Be2 Bg6 22. Bh5 f5 23. Qxf5 Bh6 24. c4 Qa5 25. c5 Nf7 26. Nf6+ exf6 27. Ng5+ Kf8 28. Ne6+ Ke8 29. Ng5+ Kf8 30. Ne6+ Ke8 31. Ng5+ Kf8 1/2-1/2

[Event "Bari op"]
[Site "Bari"]
[Date "2005.01.23"]
[Round "2"]
[White "Caputi, Nicola"]
[Black "Shytaj, Carlo"]
[Result "0-1"]
[WhiteElo "2019"]
[BlackElo "2195"]
[PlyCount "96"]
[EventDate "2005.01.22"]
[EventType "swiss"]
[EventRounds "6"]
[EventCountry "ITA"]
[SourceTitle "EXT 2007"]
[Source "ChessBase"]
[SourceDate "2006.11.23"]
[SourceVersion "1"]
[SourceVersionDate "2006.11.23"]
[SourceQuality "1"]

1. c4 Nf6 2. Nc3 c5 3. Nf3 b6 4. g3 Bb7 5. Bg2 g6 6. 0-0 Bg7 7. d4 cxd4 8. Nxd4 Bxg2 9. Kxg2 Qc7 10. Qd3 Na6 11. Ndb5 Qc6+ 12. Qf3 0-0 13. b3 Nc5 14. Ba3 Qxf3+ 15. Kxf3 a6 16. Nd4 Ne6 17. e3 d6 18. Bb2 Rfc8 19. Rac1 Nc5 20. Nde2 Nd3 21. Rc2 Nxb2 22. Rxb2 Rc5 23. Rd2 b5 24. cxb5 axb5 25. Rfd1 b4 26. Na4 Rf5+ 27. Nf4 e5 28. Rxd6 exf4 29. exf4 Bf8 30. Rd8 Rxd8 31. Rxd8 Rd5 32. Rxd5 Nxd5 33. Ke4 Nc3+ 34. Nxc3 bxc3 35. Kd3 Bb4 36. a3 Bxa3 37. Kxc3 Bc5 38. f3 Bg1 39. h3 Bh2 40. g4 Bxf4 41. Kd4 Kg7 42. Ke4 Bd2 43. f4 Kf6 44. Kf3 Ke6 45. Ke4 f5+ 46. Kf3 Kd5 47. gxf5 gxf5 48. Kg3 Ke4 0-1

[Event "Bari op"]
[Site "Bari"]
[Date "2005.01.23"]
[Round "3"]
[White "Shytaj, Carlo"]
[Black "Capitelli, Paolo"]
[Result "1-0"]
[WhiteElo "2195"]
[BlackElo "2161"]
[PlyCount "93"]
[EventDate "2005.01.22"]
[EventType "swiss"]
[EventRounds "6"]
[EventCountry "ITA"]
[SourceTitle "EXT 2007"]
[Source "ChessBase"]
[SourceDate "2006.11.23"]
[SourceVersion "1"]
[SourceVersionDate "2006.11.23"]
[SourceQuality "1"]

1. e4 c5 2. b3 d6 3. Bb2 e6 4. Nf3 Nf6 5. Nc3 Be7 6. d4 cxd4 7. Nxd4 Nc6 8. g3 0-0 9. Bg2 e5 10. Nde2 Bg4 11. Qd2 a6 12. Nd5 Nxd5 13. exd5 Bg5 14. Qd1 Bxe2 15. Qxe2 Nd4 16. Qd3 Rc8 17. c3 Qa5 18. 0-0 Qb5 19. c4 Qc5 20. Rad1 Bf6 21. Be4 g6 22. Bxd4 exd4 23. Qf3 Bg7 24. a4 Qb4 25. h4 b5 26. axb5 axb5 27. Bd3 Qxb3 28. cxb5 Rc3 29. Rb1 Qa3 30. Rfd1 Rb8 31. h5 Rcc8 32. Kg2 Qc5 33. Ra1 Ra8 34. Ra6 Be5 35. Rda1 Rab8 36. Ra7 Rf8 37. Re7 Rbe8 38. Raa7 Rxe7 39. Rxe7 Qb6 40. hxg6 hxg6 41. Bxg6 fxg6 42. Qg4 Rf6 43. Qc8+ Rf8 44. Qe6+ Kh8 45. Qxg6 Rxf2+ 46. Kxf2 d3+ 47. Kg2 1-0

[Event "Bratto op 24th"]
[Site "Bratto"]
[Date "2004.08.26"]
[Round "7"]
[White "Shytaj, Carlo"]
[Black "Rosin, Federico"]
[Result "1-0"]
[WhiteElo "2214"]
[BlackElo "2124"]
[PlyCount "127"]
[EventDate "2004.08.20"]
[EventType "swiss"]
[EventRounds "9"]
[EventCountry "ITA"]
[SourceTitle "CBM 101 Extra"]
[Source "ChessBase"]
[SourceDate "2004.09.01"]
[SourceVersion "2"]
[SourceVersionDate "2004.09.01"]
[SourceQuality "1"]

1. e4 c5 2. b3 Nc6 3. Bb2 e5 4. Bc4 Be7 5. Nc3 Nf6 6. Nge2 Nxe4 7. Nxe4 d5 8. Bd3 dxe4 9. Bxe4 Nd4 10. Nxd4 exd4 11. Qf3 Qc7 12. c3 Bf6 13. cxd4 Bxd4 14. Bxd4 cxd4 15. Qd3 Be6 16. Qxd4 0-0 17. 0-0 Rfd8 18. Qe3 Bd5 19. Rfc1 Qb6 20. Qxb6 axb6 21. Bxd5 Rxd5 22. Rc7 Rxd2 23. Rxb7 g6 24. a4 Rad8 25. g3 R8d6 26. b4 Rf6 27. Rf1 Ra2 28. Ra7 Rf3 29. Ra6 Rb3 30. b5 Kg7 31. Rxb6 Rxa4 32. Re1 Rab4 33. Re5 Rf3 34. Kg2 Rf6 35. Rxf6 Kxf6 36. Rc5 Rb3 37. Rc6+ Ke5 38. Rb6 h5 39. Rb8 Kf6 40. b6 Kg7 41. h4 Kh7 42. Kf1 Rb2 43. Ke1 f6 44. f3 Kg7 45. Kd1 Kf7 46. Kc1 Rb5 47. Kc2 g5 48. Kc3 gxh4 49. gxh4 Kg6 50. Kc4 Rb1 51. Kc5 Rc1+ 52. Kd6 Rd1+ 53. Kc6 Rc1+ 54. Kb7 Rc3 55. Rc8 Rxf3 56. Rc5 Re3 57. Ka6 f5 58. b7 Re8 59. Rc8 Re1 60. b8Q Ra1+ 61. Kb6 Rb1+ 62. Kc6 Rxb8 63. Rxb8 f4 64. Rf8 1-0

[Event "Bratto op 24th"]
[Site "Bratto"]
[Date "2004.08.25"]
[Round "6"]
[White "Drazic, Sinisa"]
[Black "Shytaj, Carlo"]
[Result "1-0"]
[WhiteElo "2461"]
[BlackElo "2214"]
[PlyCount "109"]
[EventDate "2004.08.20"]
[EventType "swiss"]
[EventRounds "9"]
[EventCountry "ITA"]
[SourceTitle "CBM 101 Extra"]
[Source "ChessBase"]
[SourceDate "2004.09.01"]
[SourceVersion "2"]
[SourceVersionDate "2004.09.01"]
[SourceQuality "1"]

1. e4 d6 2. d4 Nf6 3. Nc3 g6 4. g3 Bg7 5. Bg2 0-0 6. Nge2 e5 7. 0-0 Nbd7 8. h3 c6 9. a4 a5 10. Be3 Re8 11. Qd2 Qc7 12. Rad1 Nb6 13. b3 d5 14. exd5 Nfxd5 15. Nxd5 Nxd5 16. Bg5 exd4 17. Nxd4 Nf6 18. Qc3 Qb6 19. Qf3 Nd5 20. Nb5 cxb5 21. Qxd5 bxa4 22. bxa4 Qc7 23. Bd8 Qc3 24. Qb5 Bd7 25. Rxd7 Rexd8 26. Qxb7 Rxd7 27. Qxd7 Rc8 28. Bd5 Qxc2 29. Qxf7+ Kh8 30. Re1 Qxa4 31. Re4 Qa1+ 32. Kg2 Qf6 33. Qa7 Rf8 34. Rf4 Qc3 35. Rxf8+ Bxf8 36. Qa8 Qc5 37. Bb3 Qf5 38. Be6 Qf6 39. Bd5 Kg7 40. Qxa5 Bd6 41. h4 Qe5 42. Qa8 Bb8 43. Qb7+ Qc7 44. Qb5 Qd6 45. Bc4 Bc7 46. Qe8 Bd8 47. Qg8+ Kh6 48. Bd5 Qf6 49. Be4 Bb6 50. f3 Bc5 51. Kh3 Qf8 52. Qd5 Kg7 53. Qe5+ Kh6 54. g4 Qc8 55. Bf5 1-0

[Event "Bratto op 24th"]
[Site "Bratto"]
[Date "2004.08.21"]
[Round "2"]
[White "Ranola, Yves"]
[Black "Shytaj, Carlo"]
[Result "1-0"]
[WhiteElo "2410"]
[BlackElo "2214"]
[PlyCount "59"]
[EventDate "2004.08.20"]
[EventType "swiss"]
[EventRounds "9"]
[EventCountry "ITA"]
[SourceTitle "CBM 101 Extra"]
[Source "ChessBase"]
[SourceDate "2004.09.01"]
[SourceVersion "2"]
[SourceVersionDate "2004.09.01"]
[SourceQuality "1"]

1. c4 Nf6 2. g3 c5 3. Bg2 e6 4. Nf3 a6 5. 0-0 b6 6. d3 Bb7 7. e4 d6 8. Nc3 Be7 9. Re1 Nbd7 10. Ng5 e5 11. f4 Nb8 12. Nd5 Nxd5 13. exd5 Bxg5 14. fxg5 0-0 15. Qh5 Nd7 16. Re4 Re8 17. Rh4 Nf8 18. Bd2 g6 19. Qh6 Bc8 20. Be4 b5 21. Rf1 Re7 22. Bc3 Rb8 23. Rf2 a5 24. cxb5 Rxb5 25. Rhf4 f5 26. gxf6 Rf7 27. Rh4 Rxf6 28. Bxg6 Nxg6 29. Qxh7+ Kf8 30. Qxg6 1-0

[Event "Bratto op 23rd"]
[Site "Bratto"]
[Date "2003.08.25"]
[Round "5"]
[White "Guido, Flavio"]
[Black "Shytaj, Carlo"]
[Result "1-0"]
[WhiteElo "2332"]
[BlackElo "2150"]
[PlyCount "111"]
[EventDate "2003.08.21"]
[EventType "swiss"]
[EventRounds "9"]
[EventCountry "ITA"]
[SourceTitle "EXT 2004"]
[Source "ChessBase"]
[SourceDate "2003.11.25"]
[SourceVersion "1"]
[SourceVersionDate "2003.11.25"]
[SourceQuality "1"]

1. e4 d6 2. d4 Nf6 3. Nc3 g6 4. Be3 c6 5. h3 b5 6. e5 dxe5 7. dxe5 Qxd1+ 8. Rxd1 Nfd7 9. f4 Na6 10. g4 Nc7 11. Bg2 Bb7 12. Nge2 b4 13. Ne4 Nd5 14. Bd4 e6 15. c4 bxc3 16. N4xc3 N7b6 17. Nxd5 cxd5 18. Rc1 Bb4+ 19. Kf2 Kd7 20. Bc5 Bxc5+ 21. Rxc5 h5 22. Rhc1 Rac8 23. Rxc8 Bxc8 24. Nd4 hxg4 25. hxg4 Ba6 26. Rc3 Nc4 27. b3 Nb6 28. Rc5 Na8 29. Rc6 Bb7 30. Rd6+ Ke7 31. Nc6+ Bxc6 32. Rxc6 Rb8 33. Ke3 Rb7 34. Bf1 Nc7 35. Kd4 Na8 36. Ba6 Rb4+ 37. Kc5 Rxf4 38. Rc8 Nb6 39. Rc7+ Kf8 40. Rxa7 Na4+ 41. bxa4 Rxa4 42. Ra8+ Kg7 43. Bb7 Rxg4 44. Bc6 Rc4+ 45. Kd6 g5 46. Rb8 g4 47. a4 d4 48. Rb2 Rc3 49. Rd2 d3 50. Bb5 Kg6 51. Bxd3+ Kg5 52. Bb5 g3 53. Bc6 Kf4 54. Rd4+ Kf5 55. Rd1 Kg4 56. Rf1 1-0

[Event "Bratto op 23rd"]
[Site "Bratto"]
[Date "2003.08.24"]
[Round "4"]
[White "Shytaj, Carlo"]
[Black "Pedemonte, Claudio"]
[Result "1-0"]
[WhiteElo "2150"]
[BlackElo "1974"]
[PlyCount "45"]
[EventDate "2003.08.21"]
[EventType "swiss"]
[EventRounds "9"]
[EventCountry "ITA"]
[SourceTitle "EXT 2004"]
[Source "ChessBase"]
[SourceDate "2003.11.25"]
[SourceVersion "1"]
[SourceVersionDate "2003.11.25"]
[SourceQuality "1"]

1. e4 d5 2. exd5 Qxd5 3. Nc3 Qa5 4. d4 Nf6 5. Nf3 Bf5 6. Bd3 Bxd3 7. Qxd3 c6 8. Bd2 e6 9. Ne4 Qd8 10. Nxf6+ Qxf6 11. Qb3 Qe7 12. 0-0 Na6 13. c4 0-0-0 14. Qa4 Kb8 15. b4 Nxb4 16. Rab1 c5 17. dxc5 Nd3 18. c6 b6 19. Be3 Nc5 20. Qa5 Rd3 21. Bf4+ Kc8 22. Rxb6 axb6 23. Qa8# 1-0

[Event "Genova op 7th"]
[Site "Genova"]
[Date "2003.08.05"]
[Round "5"]
[White "Esposito, Luca"]
[Black "Shytaj, Carlo"]
[Result "1/2-1/2"]
[WhiteElo "2202"]
[BlackElo "2150"]
[PlyCount "105"]
[EventDate "2003.08.02"]
[EventType "swiss"]
[EventRounds "9"]
[EventCountry "ITA"]
[SourceTitle "CBM 095 Extra"]
[Source "ChessBase"]
[SourceDate "2003.09.04"]
[SourceVersion "1"]
[SourceVersionDate "2003.09.04"]
[SourceQuality "1"]

1. d4 Nf6 2. c4 e6 3. Nc3 Bb4 4. Qc2 0-0 5. a3 Bxc3+ 6. Qxc3 b6 7. Nf3 Ne4 8. Qc2 Bb7 9. e3 d6 10. Be2 Nd7 11. 0-0 Qe7 12. b4 c5 13. Bb2 cxb4 14. axb4 Rfc8 15. Qb3 Ndf6 16. Rad1 d5 17. Ne5 dxc4 18. Bxc4 Bd5 19. b5 Rxc4 20. Nxc4 Nd6 21. Ba3 Bxc4 22. Qxc4 Nxc4 23. Bxe7 Nd5 24. Rc1 Nd2 25. Rfd1 Ne4 26. Bh4 Ndc3 27. f3 Ne2+ 28. Kf1 Nxc1 29. fxe4 Nb3 30. Rd3 Na5 31. d5 exd5 32. exd5 f6 33. Bg3 Rd8 34. Ke2 Nb7 35. e4 Nc5 36. Rd4 Kf7 37. Kf3 Ke7 38. e5 fxe5 39. Bxe5 g6 40. Bg3 h6 41. Rd1 Kd7 42. Ra1 Ra8 43. Bf4 g5 44. Bg3 h5 45. Be5 Ke7 46. Ra3 a5 47. bxa6 Nxa6 48. Rb3 Nc5 49. Rxb6 Ra3+ 50. Ke2 Ra2+ 51. Ke3 Nd7 52. Re6+ Kf7 53. Bd6 1/2-1/2

[Event "Campobasso op 10th"]
[Site "Campobasso"]
[Date "2003.07.11"]
[Round "2"]
[White "Shytaj, Carlo"]
[Black "Collutiis, Duilio"]
[Result "0-1"]
[WhiteElo "2150"]
[BlackElo "2409"]
[PlyCount "89"]
[EventDate "2003.07.11"]
[EventType "swiss"]
[EventRounds "6"]
[EventCountry "ITA"]
[SourceTitle "EXT 2007"]
[Source "ChessBase"]
[SourceDate "2006.11.23"]
[SourceVersion "1"]
[SourceVersionDate "2006.11.23"]
[SourceQuality "1"]

1. e4 c5 2. c3 Nf6 3. e5 Nd5 4. d4 cxd4 5. Nf3 e6 6. cxd4 b6 7. Nc3 Nxc3 8. bxc3 Qc7 9. Bd2 d6 10. Bd3 Nd7 11. 0-0 dxe5 12. Re1 g6 13. Nxe5 Nxe5 14. Rxe5 Bg7 15. Re3 0-0 16. h4 e5 17. dxe5 Bxe5 18. h5 Bd7 19. Qc2 Rae8 20. Rae1 Bg7 21. c4 Rxe3 22. Rxe3 Bd4 23. Re4 Qc5 24. Bh6 Re8 25. hxg6 hxg6 26. Rxe8+ Bxe8 27. Qe2 Bc6 28. Bf4 Kg7 29. Bg3 Qg5 30. Be4 Bxe4 31. Qxe4 Qc1+ 32. Kh2 Qxc4 33. Be5+ Bxe5+ 34. Qxe5+ Kh7 35. a3 Qe6 36. Qc7 a6 37. a4 Kg7 38. Qb7 Qc4 39. Qxb6 Qxa4 40. Qd6 Qa1 41. g4 a5 42. f4 Qf6 43. Qd2 Qh4+ 44. Kg2 Qxg4+ 45. Kf2 0-1

[Event "Bari op"]
[Site "Bari"]
[Date "2003.01.26"]
[Round "6"]
[White "Campanile, Roberto"]
[Black "Shytaj, Carlo"]
[Result "1/2-1/2"]
[WhiteElo "2184"]
[BlackElo "2127"]
[PlyCount "50"]
[EventDate "2003.01.18"]
[EventType "swiss"]
[EventRounds "6"]
[EventCountry "ITA"]
[SourceTitle "EXT 2023"]
[Source "ChessBase"]
[SourceDate "2022.10.05"]
[SourceVersion "1"]
[SourceVersionDate "2022.10.05"]
[SourceQuality "1"]

1. d4 Nf6 2. c4 g6 3. Nc3 d5 4. cxd5 Nxd5 5. Bd2 Bg7 6. e4 Nb6 7. Be3 0-0 8. h3 f5 9. Nf3 f4 10. Bd2 Nc6 11. d5 Ne5 12. Qb3 Nxf3+ 13. gxf3 e6 14. dxe6 Qe8 15. e7+ Rf7 16. Nd5 Nxd5 17. Qxd5 c6 18. Qb3 Kh8 19. Bb4 Bf6 20. Bc4 Rxe7 21. Bxe7 Qxe7 22. a4 Bd4 23. Rd1 c5 24. Ke2 b6 25. Rxd4 cxd4 1/2-1/2

[Event "Bari op"]
[Site "Bari"]
[Date "2003.01.26"]
[Round "5"]
[White "Shytaj, Carlo"]
[Black "Pizzuto, Samuele Tullio"]
[Result "1-0"]
[WhiteElo "2127"]
[BlackElo "2137"]
[PlyCount "33"]
[EventDate "2003.01.18"]
[EventType "swiss"]
[EventRounds "6"]
[EventCountry "ITA"]
[SourceTitle "EXT 2023"]
[Source "ChessBase"]
[SourceDate "2022.10.05"]
[SourceVersion "1"]
[SourceVersionDate "2022.10.05"]
[SourceQuality "1"]

1. e4 d5 2. exd5 Nf6 3. d4 Bg4 4. Be2 Bxe2 5. Qxe2 Qxd5 6. Nf3 e6 7. c4 Qf5 8. Nc3 Be7 9. 0-0 0-0 10. Ne5 h6 11. f4 h5 12. Be3 Nbd7 13. Rad1 Nb6 14. h3 h4 15. Bf2 Qxf4 16. Be3 Qg3 17. Bf4 1-0

[Event "Bari op"]
[Site "Bari"]
[Date "2003.01.25"]
[Round "4"]
[White "Shytaj, Carlo"]
[Black "Campanile, Antonio"]
[Result "1-0"]
[WhiteElo "2127"]
[BlackElo "2180"]
[PlyCount "109"]
[EventDate "2003.01.18"]
[EventType "swiss"]
[EventRounds "6"]
[EventCountry "ITA"]
[SourceTitle "EXT 2023"]
[Source "ChessBase"]
[SourceDate "2022.10.05"]
[SourceVersion "1"]
[SourceVersionDate "2022.10.05"]
[SourceQuality "1"]

1. e4 d5 2. exd5 Qxd5 3. Nc3 Qd6 4. d4 Nf6 5. Nf3 a6 6. Be2 Nc6 7. Be3 Bf5 8. 0-0 e6 9. Na4 Be7 10. Nc5 Ng4 11. c3 b6 12. Nd3 Nxe3 13. fxe3 0-0 14. Nf2 Bg6 15. Bd3 Qd5 16. e4 Qd7 17. e5 Bd8 18. Bxg6 hxg6 19. Ne4 Ne7 20. Nfg5 Nf5 21. Qf3 Bxg5 22. Nxg5 Qe7 23. Ne4 Qh4 24. Kh1 Nh6 25. g3 Qd8 26. Rad1 Qd5 27. b3 Rad8 28. Rd2 Rd7 29. g4 Rfd8 30. Rfd1 Kf8 31. Kg2 Qa8 32. Kg3 Qb8 33. Qf4 Qb7 34. h3 Qc6 35. c4 a5 36. a4 Qb7 37. Nc3 c6 38. Ne4 Qc7 39. Nd6 f5 40. Rc2 Nf7 41. gxf5 g5 42. Qg4 Nxd6 43. fxe6 Re7 44. exd6 Qxd6+ 45. Kg2 Qxe6 46. Qxe6 Rxe6 47. c5 bxc5 48. Rxc5 Re2+ 49. Kf3 Rb2 50. Rd3 Rb8 51. Rxa5 R8xb3 52. Rxb3 Rxb3+ 53. Ke4 Rxh3 54. Rxg5 Ra3 55. a5 1-0